000 00306nam a22001337a 4500
008 181011b xxu||||| |||| 00| 0 eng d
020 _a9780766831841
041 _aeng
080 _a621
100 _a27
101 _aMEK
245 _aFundamentals of Electronics AC Circuits
_cTerrell
942 _2udc
_cBK
999 _c49409
_d49409